Informačné povinnosti v súvislosti s poistnou zmluvou

Najdôležitejšie informačné povinnosti hlavných účastníkov poistného vzťahu, záujemcu o poistenie a poisťovateľa pred uzatvorením poistnej zmluvy, a to s ohľadom na zodpovednostné vzťahy.

Na minha lista:
Detalhes bibliográficos
Autor principal: Grác, Vladimír
Outros Autores: Vaško, Miroslav
Formato: Capítulo de Livro
Idioma:eslovaco
Assuntos:
Tags: Adicionar Tag
Sem tags, seja o primeiro a adicionar uma tag!

MARC

LEADER 00000naa a2200000 4500
001 0192011
005 20221020085749.2
041 0 |a slo 
044 |a SK 
245 1 0 |a Informačné povinnosti v súvislosti s poistnou zmluvou  |c Vladimír Grác, Miroslav Vaško 
520 |a Najdôležitejšie informačné povinnosti hlavných účastníkov poistného vzťahu, záujemcu o poistenie a poisťovateľa pred uzatvorením poistnej zmluvy, a to s ohľadom na zodpovednostné vzťahy. 
610 2 0 |a poisťovníctvo 
610 2 0 |a poisťovne 
610 2 0 |a poistenie 
610 2 0 |a zmluvy poistné 
610 2 0 |a poisťovatelia 
610 2 0 |a poistenci 
610 2 0 |a vzťahy zmluvné 
610 2 0 |a zákonník občiansky 
100 1 |a Grác, Vladimír 
700 1 |a Vaško, Miroslav